<?xml version="1.0" encoding="UTF-8"?><?xml-stylesheet type="text/xsl" href="static/style.xsl"?><OAI-PMH xmlns="http://www.openarchives.org/OAI/2.0/" xmlns:xsi="http://www.w3.org/2001/XMLSchema-instance" xsi:schemaLocation="http://www.openarchives.org/OAI/2.0/ http://www.openarchives.org/OAI/2.0/OAI-PMH.xsd"><responseDate>2026-06-01T08:29:43Z</responseDate><request verb="GetRecord" identifier="oai:riuma.uma.es:10630/30440" metadataPrefix="marc">https://riuma.uma.es/rest/oai/request</request><GetRecord><record><header><identifier>oai:riuma.uma.es:10630/30440</identifier><datestamp>2026-02-03T10:56:25Z</datestamp><setSpec>com_10630_2254</setSpec><setSpec>col_10630_37953</setSpec></header><metadata><record xmlns="http://www.loc.gov/MARC21/slim" xmlns:dcterms="http://purl.org/dc/terms/" xmlns:doc="http://www.lyncode.com/xoai" xmlns:xsi="http://www.w3.org/2001/XMLSchema-instance" xsi:schemaLocation="http://www.loc.gov/MARC21/slim http://www.loc.gov/standards/marcxml/schema/MARC21slim.xsd">
   <leader>00925njm 22002777a 4500</leader>
   <datafield ind2=" " ind1=" " tag="042">
      <subfield code="a">dc</subfield>
   </datafield>
   <datafield ind2=" " ind1=" " tag="720">
      <subfield code="a">Calderón Fajardo, Víctor</subfield>
      <subfield code="e">author</subfield>
   </datafield>
   <datafield ind2=" " ind1=" " tag="720">
      <subfield code="a">Anaya-Sánchez, Rafael</subfield>
      <subfield code="e">author</subfield>
   </datafield>
   <datafield ind2=" " ind1=" " tag="720">
      <subfield code="a">Molinillo-Jiménez, Sebastián</subfield>
      <subfield code="e">author</subfield>
   </datafield>
   <datafield ind2=" " ind1=" " tag="260">
      <subfield code="c">2024-02-03</subfield>
   </datafield>
   <datafield ind2=" " ind1=" " tag="520">
      <subfield code="a">This research formalises a new methodology to measure and analyse Destination Brand Experience, improving upon traditional approaches by offering greater objectivity and rigour. Adopting a case study approach, five distinct and complementary types of analysis have been conducted: comprehensive sentiment analysis and topic modelling, an analysis using multiple thesauri, statistical analyses for hypothesis testing, and machine learning for classification. The methodological innovation, through the construction of thesauri, has enabled the measurement of sensory, affective, intellectual, and behavioural dimensions in unique and emblematic attractions, experiences, and transportation within a tourist destination, based on visitor reviews. This new approach allows tourism professionals and destination managers to identify areas for improvement and develop strategies to enhance tourist satisfaction. The findings suggest that there are significant differences in the relationships between specific dimensions and that gender and culture moderate or impact these relationships.</subfield>
   </datafield>
   <datafield ind1="8" ind2=" " tag="024">
      <subfield code="a">Víctor Calderón-Fajardo, Rafael Anaya-Sánchez, Sebastian Molinillo, Understanding destination brand experience through data mining and machine learning, Journal of Destination Marketing &amp; Management, Volume 31, 2024, 100862, ISSN 2212-571X, https://doi.org/10.1016/j.jdmm.2024.100862</subfield>
   </datafield>
   <datafield ind1="8" ind2=" " tag="024">
      <subfield code="a">https://hdl.handle.net/10630/30440</subfield>
   </datafield>
   <datafield ind1="8" ind2=" " tag="024">
      <subfield code="a">10.1016/j.jdmm.2024.100862</subfield>
   </datafield>
   <datafield tag="653" ind2=" " ind1=" ">
      <subfield code="a">Minería de datos</subfield>
   </datafield>
   <datafield tag="653" ind2=" " ind1=" ">
      <subfield code="a">Turismo</subfield>
   </datafield>
   <datafield tag="653" ind2=" " ind1=" ">
      <subfield code="a">Aprendizaje automático (Inteligencia artificial)</subfield>
   </datafield>
   <datafield ind2="0" ind1="0" tag="245">
      <subfield code="a">Understanding destination brand experience through data mining and machine learning</subfield>
   </datafield>
</record>
</metadata></record></GetRecord></OAI-PMH>